|
|
|
|
| LEADER |
00000nam a2200000 a 4500 |
| 001 |
UCM8819 |
| 003 |
CL-VaPUC |
| 005 |
20211120074421.0 |
| 008 |
030328e20000000SP |||||||||||||||||spa|d |
| 999 |
|
|
|c 303240
|d 303238
|
| 040 |
|
|
|c Pontificia Universidad Católica de Valparaíso
|
| 082 |
0 |
4 |
|a 346.02 MOR 2000
|2 21
|
| 100 |
0 |
|
|a Moreno Martínez, Juan Antonio
|9 475032
|
| 245 |
1 |
0 |
|a Perfiles de la responsabilidad civil en el nuevo milenio.
|
| 260 |
0 |
3 |
|a Madrid, España
|b Dykinson
|c 2000
|
| 300 |
|
|
|a 680 páginas.
|
| 583 |
|
|
|a last modification
|c 20030328 00:00:00
|k Rodrigo Vera
|
| 650 |
|
7 |
|a RESPONSABILIDAD CIVIL
|2 CL-VaPUC
|9 475033
|
| 650 |
|
0 |
|a Derecho civil
|9 255013
|
| 650 |
|
0 |
|a Contratos
|9 255153
|
| 650 |
|
0 |
|a Responsabilidad médica
|9 357519
|
| 650 |
|
0 |
|a Abogados
|9 256284
|
| 650 |
|
7 |
|a DAÑO CORPORAL
|2 CL-VaPUC
|9 430897
|
| 650 |
|
7 |
|a TRANSFERENCIA DE IFORMACION
|2 CL-VaPUC
|9 475034
|
| 650 |
|
0 |
|a Administración pública
|9 255343
|
| 650 |
|
0 |
|a Derecho de familia
|9 255603
|
| 942 |
|
|
|c BK
|2 ddc
|
| 945 |
|
|
|d 20030328 00:00:00
|a cmena
|
| 952 |
|
|
|0 0
|1 0
|2 ddc
|4 0
|6 346_020000000000000_MOR_2000
|7 0
|8 A
|9 364404
|a BIBDER
|b BIBDER
|d 2019-11-21
|i 3876632
|o 346.02 MOR 2000
|p 3876632
|r 2023-01-25
|t 1
|w 2019-11-21
|y BK
|k DER
|